SMG4 Characters Ultimate Quiz - Statistics

General Stats
  • This quiz has been taken 432 times
  • The average score is 14 of 22
Answer Stats
Hint Answer % Correct
Red Mario
99%
YouTuber SMG4
98%
Squid girl but not anymore Meggy
92%
Gay? Luigi
89%
Ultimate Diss Track Bob
88%
Melon Melony
85%
Australian SMG3
84%
Minecraft Steve
81%
KFC Saiko
78%
Bitch Peach
74%
Manga but dead Axol
72%
SIMP Boopkins
72%
Loses custody of children Bowser
66%
Win splatfest for me Desti
64%
Stupid Rap battle of the fat Italians X
52%
Ultra God Waluigi
45%
Red and black FM
44%
Dies Wario
39%
GUNS!!! Toad
38%
I’m going to arrest you Mr Monitor
30%
Kids TV show Teletubbies
22%
Guards ‘n’ Retards Chris and Swag
20%
No matching quizzes found
Score Distribution
Percent of People with Each Score
Percentile by Number Answered
Your Score History
You have not taken this quiz